Oráculo manual y arte de prudencia
Na minha lista:
| Autor principal: | |
|---|---|
| Formato: | Livro |
| Idioma: | espanhol |
| Publicado em: |
Madrid
Marcial Pons
2000
|
| Assuntos: | |
| Tags: |
Adicionar Tag
Sem tags, seja o primeiro a adicionar uma tag!
|
MARC
| LEADER | 00000nam a2200000 a 4500 | ||
|---|---|---|---|
| 001 | UCN6600 | ||
| 003 | CL-VaPUC | ||
| 008 | 010928e20000000SP |||||||||||||||||spa|d | ||
| 082 | 0 | 4 | |a 864 |b GRA |2 21 |
| 100 | |a Gracián, Baltasar |e autor |9 378672 | ||
| 245 | 1 | 0 | |a Oráculo manual y arte de prudencia |
| 300 | |a 513 p | ||
| 942 | |c BK | ||
| 945 | |d 20010928 00:00:00 |a crobeson | ||
| 260 | |a Madrid |b Marcial Pons |c 2000 | ||
| 500 | |a Reproducción facsimilar de la obra editada en 1664 | ||
| 650 | 0 | |a Ensayos españoles |9 313128 | |
| 650 | 0 | |a Literatura española |9 306261 | |
| 583 | |a last modification |c 20010928 00:00:00 |k Rodrigo Vera | ||
| 999 | |c 297304 |d 297302 | ||
| 952 | |0 0 |1 0 |4 0 |6 864_000000000000000_GRA_2000 |7 0 |8 A |9 351899 |a BIBEDU |b BIBEDU |d 2019-11-21 |i 3707229 |o 864 GRA 2000 |p 3707229 |r 2019-11-21 |w 2019-11-21 |y BK |k LIT | ||